| 000 | 01207nam a22001697a 4500 | ||
|---|---|---|---|
| 005 | 20260130160646.0 | ||
| 041 | _aENG | ||
| 082 |
_aRR 016.01136 _bDOC- |
||
| 245 |
_aDocuments in microform _b: a list of resources at SSDC, JNU, University of Bombay, ICSSR Regional Centre, Calcutta |
||
| 260 |
_aNew Delhi: _bSocial Science Documentation Centre, Indian Council of Social Science Research, _c1985. |
||
| 300 | _an.d. | ||
| 440 | _aSSDC Research Information Series- 21 | ||
| 520 | _aThis highlights the growing importance of micro-forms in managing space constraints in libraries and preserving rare research materials. It lists micro-form collections available at SSDC, the ICSSR Regional Centre in Calcutta, and universities hosting other ICSSR Regional Centres, including old journal back-files, bibliographical tools, theses, and research reports. Compiled without altering contributors’ entries, the list reveals a rich and unique body of research material on Africa and India and aims to support researchers and information professionals, while inviting user suggestions for further improvement. | ||
| 650 |
_aMicroforms _xCatalogs _zIndia |
||
| 650 |
_aDocumentation _xBibliography |
||
| 942 |
_2ddc _cRB |
||
| 999 |
_c39872 _d39872 |
||